000 00310nam a2200133Ia 4500
003 OSt
005 20240228153631.0
008 170524s9999 xx 000 0 und d
020 _a978-8179681336
040 _cIIMT UNIVERSITY
100 _aDR GUPTA KM
245 0 _aENERGY ENVIRONMENTAL ENERGY
942 _2ddc
_c02
999 _c8885
_d8885